000 00494nam a2200193Ia 4500
003 GCL
005 20240530100215.0
008 140319s9999 xx 000 0 eng d
040 _aGCL /
_cGCL
082 0 4 _a584.324
_bS B
100 1 _aSTOKER, FRED
245 1 0 _aA BOOK OF LILIES /
_cSTOKER, FRED
260 _alondon :
_bTHE KING PENGUIN BOOKS ،
_c1943
300 _a32 p :
_bpictures ;
_c16 cm
650 0 4 _aENVIRONMENT
650 0 4 _aLILIES
650 0 4 _aLILY FAMILY
942 _2ddc
_cBK
999 _c15167
_d15167